[Event "POHÁR města Říčany 2022"]
[Site "Městské kulturní středisko U labutě"]
[Date "2022.09.01"]
[Round "7.30"]
[White "Pavlicek, Petr"]
[Black "Strnadova, Monika"]
[Result "0-1"]
[WhiteElo "1781"]
[BlackElo "1564"]
[PlyCount "0"]
[EventDate "2022.08.27"]

1. Nf3 g6 2. c4 Bg7 3. d4 Nf6 4. Nc3 d6 5. g3 O-O 6. Bg2 Nbd7 7. O-O c5 8. e4
cxd4 9. Nxd4 Ne5 10. b3 Bg4 11. f3 Bd7 12. h3 Nh5 13. Kh2 Nc6 14. Be3 Qa5
15. Rc1 f5 16. f4 e5 17. Nde2 exf4 18. Bxf4 Nxf4 19. gxf4 Qc5 20. Qd5+ Qxd5
21. exd5 Nd4 22. Nxd4 Bxd4 23. Nb5 Bxb5 24. cxb5 Rac8 25. Rfe1 Be3 26. Rc4 Rxc4
27. bxc4 Bxf4+ 28. Kg1 Kf7 29. Kf2 Re8 30. Rxe8 Kxe8 31. Ke2 Ke7 32. Bf1 Kf6
33. Kd3 Be5 34. Ke3 Bc3 35. Be2 Ke5 36. Bd3 Bb2 37. Bc2 Bc1+ 38. Kf3 Kd4 39. Bb3
f4 40. Kg4 b6 41. Kf3 Kd3 42. Kf2 Be3+ 43. Kf3 g5 0-1

[Event "POHÁR města Říčany 2022"]
[Site "Městské kulturní středisko U labutě"]
[Date "2022.09.01"]
[Round "7.31"]
[White "Petras, Milan"]
[Black "Horyna, Josef"]
[Result "1/2-1/2"]
[WhiteElo "1896"]
[BlackElo "1694"]
[PlyCount "0"]
[EventDate "2022.08.27"]

1. e4 e6 2. d4 d5 3. Nd2 dxe4 4. Nxe4 Nd7 5. Nf3 Ngf6 6. Nxf6+ Nxf6 7. Ne5 Be7
8. c3 O-O 9. b4 a5 10. b5 Nd7 11. Nf3 c6 12. Be3 Nf6 13. Qc2 Bd7 14. Rb1 Nd5
15. Bd2 Rc8 16. Bd3 cxb5 17. Bxb5 Nb4 18. Qa4 Bxb5 19. Qxb5 Nc2+ 20. Ke2 Na3
21. Qxb7 Nxb1 22. Rxb1 Rb8 23. Qe4 Rxb1 24. Qxb1 Qb8 25. Qb3 Qxb3 26. axb3 Rb8
27. Ne5 Rxb3 28. Nc6 Bf6 29. Nxa5 Rb2 30. Kd3 Ra2 31. Nb3 Be7 32. c4 Kf8 33. c5
Ke8 34. Kc4 Kd7 35. g3 Bd8 36. Kb5 Rb2 37. Kc4 h5 38. h4 Be7 39. Be3 Kc6 40. Nc1
Bd8 41. Kd3 g6 42. Ke4 Rb1 43. Nd3 Bc7 44. Bd2 Kb5 45. Ne5 Bxe5 46. Kxe5 Kc6
47. Kf6 Rb7 48. Bf4 Kd5 49. f3 Rb3 50. Kxf7 Rxf3 51. Kxg6 Kxd4 52. c6 e5 53. Bc1
Rxg3+ 54. Kxh5 Rg7 55. Bb2+ Kd5 56. Kh6 Rc7 57. h5 Rxc6+ 58. Kg7 Rc2 59. Bxe5
Kxe5 60. h6 Rg2+ 61. Kf7 Rf2+ 62. Kg7 Rg2+ 63. Kf7 Rf2+ 64. Kg7 1/2-1/2

[Event "POHÁR města Říčany 2022"]
[Site "Městské kulturní středisko U labutě"]
[Date "2022.09.01"]
[Round "7.32"]
[White "Strnad, Michael"]
[Black "Feierfeil, Jiri"]
[Result "1-0"]
[WhiteElo "1818"]
[BlackElo "1684"]
[PlyCount "0"]
[EventDate "2022.08.27"]

1. d4 Nf6 2. Nf3 g6 3. Nc3 d5 4. Bf4 a6 5. Qd2 Bg7 6. O-O-O b5 7. Bh6 O-O
8. Bxg7 Kxg7 9. Ne5 Qd6 10. h4 h5 11. g4 Nxg4 12. Nxg4 Bxg4 13. f3 Bd7 14. Qg5
f5 15. Rg1 c6 16. Qxh5 f4 17. e4 fxe3 18. Bd3 Rf6 19. Ne2 Be8 20. Qg5 Nd7 21. h5
Nf8 22. hxg6 Bxg6 23. Ng3 Kf7 24. Nh5 Rxf3 25. Rdf1 Rf2 26. Qxe3 Rxf1+ 27. Rxf1+
Ke8 28. Qh6 Kd7 29. Rxf8 Rxf8 30. Qxf8 Bxd3 31. cxd3 Qg6 32. Ng7 Qg1+ 33. Kc2
Qxd4 34. Qe8+ Kc7 35. Ne6+ 1-0

[Event "POHÁR města Říčany 2022"]
[Site "Městské kulturní středisko U labutě"]
[Date "2022.09.01"]
[Round "7.33"]
[White "Hosova, Sandra"]
[Black "Kovar, Jan"]
[Result "1/2-1/2"]
[WhiteElo "1708"]
[BlackElo "1798"]
[PlyCount "0"]
[EventDate "2022.08.27"]

1. d4 d5 2. Nf3 Nf6 3. Bf4 c5 4. e3 Nc6 5. c3 Qb6 6. Qb3 c4 7. Qc2 Bf5 8. Qc1
h6 9. Be2 e6 10. Nbd2 Qd8 11. Ne5 Nxe5 12. dxe5 Nd7 13. g4 Bg6 14. Bg3 Nc5
15. O-O Be7 16. b3 Bd3 17. Bxd3 Nxd3 18. Qc2 b5 19. Nf3 h5 20. h3 hxg4 21. hxg4
Rh6 22. Kg2 Rg6 23. Rh1 Rxg4 24. Rh8+ Bf8 25. Rb1 Rb8 26. bxc4 dxc4 27. Kf1 Qd5
28. Ke2 a6 29. Rbh1 Kd7 30. Rd1 1/2-1/2

[Event "POHÁR města Říčany 2022"]
[Site "Městské kulturní středisko U labutě"]
[Date "2022.09.01"]
[Round "7.34"]
[White "Kubice, Jakub"]
[Black "Jankovsky, Zbynek"]
[Result "1-0"]
[WhiteElo "1750"]
[BlackElo "1552"]
[PlyCount "0"]
[EventDate "2022.08.27"]

1. d4 e6 2. Nf3 c5 3. e3 Nf6 4. c4 d5 5. Nc3 Nc6 6. dxc5 Bxc5 7. cxd5 exd5
8. Be2 O-O 9. O-O a6 10. a3 b5 11. b4 Ba7 12. Bb2 Bb7 13. Qb3 Ne7 14. Rfd1 Qe8
15. Nd4 Bxd4 16. Rxd4 Nf5 17. Rf4 Nxe3 18. Nxb5 Nxg2 19. Rxf6 Qxe2 20. Nd6 Qg4
21. Qg3 Qxg3 22. hxg3 gxf6 23. Nxb7 Kg7 24. Kxg2 Kg6 25. Nc5 Rfd8 26. Rd1 a5
27. Nb7 Rdb8 28. Nxa5 Rxa5 29. bxa5 Rxb2 30. Rxd5 Rb3 31. Rd8 Rxa3 32. Ra8 Kf5
33. a6 Ke6 34. a7 Ke7 35. Kh3 f5 36. Kg2 Kf6 37. f4 h5 38. Kf2 Kg7 39. Ke2 Kf6
40. Kd2 Kg7 41. Kc2 Ra6 42. Kb3 Ra1 43. Kc4 Kf6 44. Kd5 Rd1+ 45. Kc6 Rc1+
46. Kd7 Rd1+ 47. Ke8 Re1+ 48. Kf8 Re7 49. Rb8 1-0

[Event "POHÁR města Říčany 2022"]
[Site "Městské kulturní středisko U labutě"]
[Date "2022.09.01"]
[Round "7.35"]
[White "Pejrimovsky, Tadeas Rubel"]
[Black "Zabehlicky, Jiri"]
[Result "1-0"]
[WhiteElo "1716"]
[BlackElo "1429"]
[PlyCount "0"]
[EventDate "2022.08.27"]

1. e4 g6 2. d4 d6 3. f4 Bg7 4. Nf3 Bg4 5. c3 Nf6 6. Bd3 Bxf3 7. Qxf3 c6 8. a4
e6 9. O-O O-O 10. Nd2 d5 11. e5 Ne8 12. Qh3 Qe7 13. Nf3 f6 14. Be3 Nd7 15. Rae1
Nc7 16. Kh1 a6 17. Nh4 f5 18. g4 Rf7 19. gxf5 exf5 20. Rg1 Nf8 21. Re2 Qe6
22. Nf3 h6 23. Reg2 Ne8 24. Nh4 Kh7 25. Rg3 Bh8 26. Nf3 Kg7 27. Qg2 Kh7 28. Nh4
Rg7 29. Qh3 Kg8 30. Nf3 Rh7 31. Bxf5 Qe7 32. Bxg6 Nxg6 33. Rxg6+ Bg7 34. f5 1-0

[Event "POHÁR města Říčany 2022"]
[Site "Městské kulturní středisko U labutě"]
[Date "2022.09.01"]
[Round "7.36"]
[White "Konvalinka, Vladislav"]
[Black "Mach, Jan"]
[Result "1/2-1/2"]
[WhiteElo "1764"]
[BlackElo "1737"]
[PlyCount "0"]
[EventDate "2022.08.27"]

1. d4 Nf6 2. c4 c5 3. dxc5 Qa5+ 4. Nd2 e6 5. Nf3 Bxc5 6. e3 Nc6 7. Be2 O-O
8. O-O Qd8 9. b3 d5 10. Bb2 Re8 11. cxd5 exd5 12. Rc1 Bb6 13. Re1 Bf5 14. Nb1
Rc8 15. Nc3 d4 16. exd4 Nxd4 17. Nxd4 Bxd4 18. Na4 Bxb2 19. Rxc8 Qxc8 20. Nxb2
Qc2 21. Qxc2 Bxc2 22. Kf1 Bf5 1/2-1/2

[Event "POHÁR města Říčany 2022"]
[Site "Městské kulturní středisko U labutě"]
[Date "2022.09.01"]
[Round "7.37"]
[White "Hampel, Rudolf"]
[Black "Cabart, Pavel"]
[Result "1-0"]
[WhiteElo "1597"]
[BlackElo "1757"]
[PlyCount "0"]
[EventDate "2022.08.27"]

1. e4 c5 2. Nf3 Nc6 3. d4 cxd4 4. Nxd4 g6 5. Nc3 Bg7 6. Be3 Nf6 7. Be2 O-O
8. O-O d5 9. Nxc6 bxc6 10. e5 Nd7 11. f4 e6 12. Na4 Qa5 13. c4 Ba6 14. Rc1 f6
15. exf6 Bxf6 16. b3 Bb7 17. Bd4 c5 18. Bxf6 Rxf6 19. Bf3 Rxf4 20. cxd5 e5
21. Bg4 Rd4 22. Be6+ Kh8 23. Qf3 Rf4 24. Qg3 Qb5 25. Rxf4 exf4 26. Qc3+ 1-0

[Event "POHÁR města Říčany 2022"]
[Site "Městské kulturní středisko U labutě"]
[Date "2022.09.01"]
[Round "7.38"]
[White "Rerabek, Jaroslav"]
[Black "Glasberger, Roman"]
[Result "1-0"]
[WhiteElo "1673"]
[BlackElo "1533"]
[PlyCount "0"]
[EventDate "2022.08.27"]

1. e4 c5 2. Nf3 d6 3. c3 Nf6 4. h3 Nc6 5. d4 cxd4 6. cxd4 e6 7. Nc3 a6 8. Be3
b5 9. Bd3 Bb7 10. O-O Be7 11. Rc1 Rc8 12. Re1 O-O 13. a3 Na5 14. Nd2 Re8 15. f3
Nc6 16. Kh1 Bf8 17. Qe2 g6 18. Qf2 Bg7 19. Bb1 Qa5 20. Nb3 Qd8 21. Red1 Na5
22. Ba2 Nc4 23. Bg5 h6 24. Bh4 g5 25. Bg3 Nh5 26. Bh2 Qb6 27. g4 Nf4 28. Bxf4
gxf4 29. Na1 e5 30. Bxc4 Rxc4 31. Ne2 Rec8 32. Rxc4 Rxc4 33. Kg2 b4 34. d5 Qxf2+
35. Kxf2 bxa3 36. bxa3 Rc5 37. Rb1 Rb5 38. Rxb5 axb5 39. Nc3 Ba6 40. Nc2 Bf6
41. Nb4 Bc8 42. Nxb5 Be7 43. a4 Bd7 44. Nc6 Kf8 45. a5 Bd8 46. a6 Bb6+ 47. Ke2
Bc8 48. a7 Bb7 49. Kd3 Ba8 50. Nxd6 f6 51. Kc4 1-0

[Event "POHÁR města Říčany 2022"]
[Site "Městské kulturní středisko U labutě"]
[Date "2022.09.01"]
[Round "7.39"]
[White "Sboev, Kirill"]
[Black "Kubicek, Daniel"]
[Result "0-1"]
[WhiteElo "1522"]
[BlackElo "1364"]
[PlyCount "0"]
[EventDate "2022.08.27"]

1. d4 f5 2. c4 c6 3. Nc3 Nf6 4. Nf3 d5 5. e3 e6 6. cxd5 exd5 7. Bd3 Bd6 8. Bd2
O-O 9. O-O Be6 10. Qc2 Ne4 11. Qb3 Qe7 12. Rac1 Rf6 13. Rfd1 Rh6 14. h3 Rg6
15. a3 Qf7 16. Rc2 f4 17. exf4 Bxh3 18. Ng5 Rxg5 19. Bxe4 Rxg2+ 20. Bxg2 Qg6
21. Kf1 Qxg2+ 22. Ke2 Bg4+ 23. Kd3 Qxf2 24. Nxd5 Qe2+ 25. Kc3 cxd5 26. Qxd5+ Be6
27. Re1 Qxe1 28. Qxd6 Qg3+ 29. Kb4 Qb3+ 0-1

[Event "POHÁR města Říčany 2022"]
[Site "Městské kulturní středisko U labutě"]
[Date "2022.09.01"]
[Round "7.40"]
[White "Pejrimovska, Viola Ruby"]
[Black "Markina, Sofiia"]
[Result "1-0"]
[WhiteElo "1626"]
[BlackElo "1551"]
[PlyCount "0"]
[EventDate "2022.08.27"]

1. e4 c5 2. b4 cxb4 3. a3 d5 4. exd5 Qxd5 5. Nf3 e5 6. c4 Qe6 7. Bd3 Nc6 8. O-O
Nf6 9. Bb2 Bd6 10. Bc2 O-O 11. h3 Qxc4 12. d3 Qe6 13. Re1 Qd7 14. a4 Qc7
15. Nbd2 Be6 16. d4 exd4 17. Nxd4 Nxd4 18. Bxd4 Nd7 19. Bxh7+ Kxh7 20. Qh5+ Kg8
21. Bxg7 Kxg7 22. Qg5+ Kh7 23. Re4 Bf4 24. Rxf4 Qxf4 25. Qxf4 Rg8 26. Ne4 Kg7
27. Ng5 Raf8 28. Re1 b3 29. Rxe6 fxe6 30. Nxe6+ Kg6 31. Nxf8+ Nxf8 32. Qe4+ Kh6
33. Qxb7 1-0